000
00339nam a22001577a 4500
005
20160629120218.0
008
160629b xxu||||| |||| 00| 0 eng d
020
_a
11014
041
_a
eng
100
_a
Bhattacharya, Sukal
_9
3150
245
_a
Char patra
260
_b
Kanein
300
_a
64
650
_a
Management
_9
241
942
_c
BK
999
_c
4616
_d
4614